UM Logo

Biotechnology: (Record no. 1399)

MARC details
000 -LEADER
fixed length control field 00628nam a22002177a 4500
003 - CONTROL NUMBER IDENTIFIER
control field OSt
005 - DATE AND TIME OF LATEST TRANSACTION
control field 20160914104849.0
008 - FIXED-LENGTH DATA ELEMENTS--GENERAL INFORMATION
fixed length control field 160322b xxu||||| |||| 00| 0 eng d
020 ## - INTERNATIONAL STANDARD BOOK NUMBER
International Standard Book Number 987-81-7754-139-7
040 ## - CATALOGING SOURCE
Transcribing agency LIC
082 ## - DEWEY DECIMAL CLASSIFICATION NUMBER
Edition number 2010
Classification number DC 660.6
Item number P97
100 ## - MAIN ENTRY--PERSONAL NAME
9 (RLIN) 4224
Personal name Purohit, S.S
245 ## - TITLE STATEMENT
Title Biotechnology:
Remainder of title fundamentals and applications/
Statement of responsibility, etc. S.S. Purohit
250 ## - EDITION STATEMENT
Edition statement Fourth Edition
260 ## - PUBLICATION, DISTRIBUTION, ETC. (IMPRINT)
Place of publication, distribution, etc. India:
Name of publisher, distributor, etc. Agrobios,
Date of publication, distribution, etc. c2010.
300 ## - PHYSICAL DESCRIPTION
Extent xxviii, 1049 pages:
Other physical details illustrations;
Dimensions 24 cm.
365 ## - TRADE PRICE
Price amount 3,600.00
Currency code Php
500 ## - GENERAL NOTE
General note Includes bibliography and glossary.
650 #0 - SUBJECT ADDED ENTRY--TOPICAL TERM
9 (RLIN) 4228
Topical term or geographic name as entry element Biotechnology
942 ## - ADDED ENTRY ELEMENTS (KOHA)
Source of classification or shelving scheme Dewey Decimal Classification
Koha item type Circulation
Holdings
Withdrawn status Lost status Source of classification or shelving scheme Damaged status Not for loan Collection code Home library Current library Date acquired Source of acquisition Total Checkouts Full call number Barcode Date last seen Date last checked out Copy number Cost, replacement price Price effective from Koha item type
    Dewey Decimal Classification     Circulation UM Digos College - LIC UM Digos College - LIC 09/24/2010 Purchased 9 DC 660.6 P97 2010 21243 05/15/2025 02/28/2018 1 3600.00 03/22/2016 Circulation